Statistical Analysis Software - SAS

Salvato in:
Dettagli Bibliografici
Autore principale: Daneshjo, Naqibullah, 1964-
Natura: Capitolo di libro
Lingua:inglese
Soggetti:
Tags: Aggiungi Tag
Nessun Tag, puoi essere il primo ad aggiungerne!!

MARC

LEADER 00000nla a2200000 4500
001 0206714
005 20240502083516.9
041 0 |a eng 
044 |a RO 
245 1 0 |a Statistical Analysis Software - SAS  |c Naqibullah Daneshjo 
610 2 0 |a softvér 
610 2 0 |a metódy štatistické 
610 2 0 |a dáta 
610 2 0 |a organizácia súborov 
610 2 0 |a technológie informačné 
610 2 0 |a technológie komunikačné 
100 1 |a Daneshjo, Naqibullah, 1964-